Villes de Nouvelle-Aquitaine A-Z - Statistiques

Statistiques générales
  • Ce quiz a été pris 63 fois
  • Le résultat moyen est 13 sur 23
Statistiques - réponses
Lettre Villes % Correct
B (12) Bordeaux / Bergerac / Bayonne / Biscarrosse / Brive-la-Gaillarde / Bon-Encontre / Bellac / Bourganeuf / Buxerolles / Bressuire / Barbezieux-Saint-Hilaire / Bourcefranc-le-Chapus
98%
P (12) Pessac / Poitiers / Périgueux / Pau / Parentis-en-Born / Passage / Panazol / Perpezac-le-Noir /Parsac / Parthenay / Puymoyen / Périgny
93%
A (12) Angoulême / Anglet / Aire-sur-l'Adour / Ambarès-et-Lagrave / Agen / Agonac / Aixe-sur-Vienne /Allassac / Aubusson / Avanton / Aiffres / Aytré
91%
M (12) Mourenx / Mont-de-Marsan / Mérignac / Marmande / Montpon-Ménestérol / Magnac-Laval /Malemort / Mérinchal / Migné-Auxances / Mauléon / Magnac-sur-Touvre / Marennes-Hiers-Brouage
91%
L (12) Limoges / Lons / Labenne / Libourne / Layrac / Lalinde / Lubersac / Lourdoueix-Saint-Pierre /Loudun / Loretz-d'Argenton / Linars / Lagord
83%
D (12) Dax / Denguin / Donnezac / Damazan / Douze / Dorat / Donzenac / Dun-le-Palestel / Dissay / Doux / Dignac / Dompierre-sur-Mer
81%
N (12) Nay / Narrosse / Noaillan / Niort / Nérac / Neuvic / Nexon / Naves / Naillat / Naintré / Nersac /Nieul-sur-Mer
78%
T (12) Tonneins / Thèze / Tarnos / Talence / Tulle / Trélissac / Thouron / Toulx-Sainte-Croix /Thuré / Thouars / Terres-de-Haute-Charente / Tonnay-Charente
76%
S (12) Saint-Jean-de-Luz / Saint-Paul-les-Dax / Saint-Médard-en-Jalles / Sarlat-la-Canéda / Sainte-Livrade-sur-Lot / Saint-Junien / Saint-Pantaléon-de-Larche / Souterraine / Saint-Benoît / Saint-Maixent-l'École / Soyaux / Saintes
74%
C (12) Cambo-les-Bains / Capbreton / Cenon / Casteljaloux / Coulounieix-Chamiers / Couzeix /Cosnac / Chambon-sur-Voueize / Châtellerault / Chauray / Cognac / Châtelaillon-Plage
67%
J (12) Jurançon / Josse / Jau-Dignac-et-Loirac / Jusix / Jumilhac-le-Grand / Jourgnac / Juillac /Jarnages / Jaunay-Marigny / Juscorps / Jarnac / Jonzac
59%
U (6) Urrugne / Uchacq / Uzeste / Urval / Ussel / Usson-du-Poitou
56%
G (12) Gan / Grenade-sur-l'Adour / Gradignan / Guéret / Gontaud-de-Nogaret / Gardonne /Geneytouse / Gimel-les-Cascades / Gençay / Germond-Rouvre / Gond-Pontouvre / Gémozac
54%
V (12) Villefranque / Villenave-d'Ornon / Villeneuve-sur-Lot / Villeneuve-de-Marsan / Vergt /Verneuil-sur-Vienne / Varetz / Vallière / Vouneuil-sous-Biard / Vouillé / Val-de-Cognac / Vaux-sur-Mer
50%
E (11) Espelette / Eymet / Eymoutiers / Escource / Eysines / Estillac / Égletons / Évaux-les-Bains /Échiré / Exideuil-sur-Vienne / Échillais
46%
O (10) Orthez / Ondres / Ordonnac / Orliac / Oradour-sur-Glane / Objat / Ormes / Oroux / Oradour-Fanais/ Orignolles
44%
R (12) Rontignon / Rion-des-Landes / Réole / Rochelle / Roquefort / Ribérac / Rilhac-Rancon / Rosiers-d'Égletons / Royère-de-Vassivière / Roches-Prémarie-Andillé / Romans / Ruelle-sur-Touvre
44%
F (12) Floirac / Fichous-Riumayou / Frêche / Foulayronnes / Force / Feytiat / Favars / Felletin /Fontaine-le-Comte / Frontenay-Rohan-Rohan / Fléac / Fouras
43%
H (9) Hendaye / Hagetmau / Haillan / Hautefage-la-Tour / Hautefort / Hautefage / Haims / Hiersac /Houmeau
43%
I (8) Idron / Izon / Issigeac / Isle / Issoudun-Létrieix / Iteuil / Isle-d'Espagnac / Île-d'Aix
35%
Y (6) Ychoux / Yvrac / Yssandon / Yversay / Yviers / Yves
15%
X (3) Xaintrailles / Xaintray / Xambes
11%
Q (4) Quinsac / Queyssac / Queyssac-les-Vignes / Quinçay
7%
Aucun quiz correspondant
Distribution des résultats
% des personnes avec chaque résultat
Percentile par nombre de réponses
Votre historique - résultats
Vous n’avez pas pris ce quiz